BIBLIOTECA

SENCICO

Domus / (Registro nro. 4165)

Detalles MARC
000 -LEADER
fixed length control field 01175nam a22003617a 4500
003 - CONTROL NUMBER IDENTIFIER
control field PE SENCICO BE
005 - DATE AND TIME OF LATEST TRANSACTION
control field 20251020182637.0
008 - FIXED-LENGTH DATA ELEMENTS--GENERAL INFORMATION
fixed length control field 230522b |||||||| |||| 00| 0 eng d
040 ## - CATALOGING SOURCE
Original cataloging agency PE SENCICO BE
Transcribing agency PE SENCICO BE
041 ## - LANGUAGE CODE
Language code of text/sound track or separate title ita
082 ## - DEWEY DECIMAL CLASSIFICATION NUMBER
Classification number 720
Item number D
245 1# - TITLE STATEMENT
Title Domus /
Statement of responsibility, etc. editores: Charlotte Fiell, Peter Fiell
250 ## - EDITION STATEMENT
Edition statement [1a ed.]
260 ## - PUBLICATION, DISTRIBUTION, ETC.
Place of publication, distribution, etc. [Koln] :
Name of publisher, distributor, etc. Taschen,
-- Bibliotheca Universalis,
Date of publication, distribution, etc. 1940-1969
300 ## - PHYSICAL DESCRIPTION
Extent 3 volúmenes :
Other physical details il. col., lams. ;
Dimensions 20 cm.
505 3# - FORMATTED CONTENTS NOTE
Formatted contents note Volumen 1: 1940-1949 -- volumen 2: 1950-1959 -- volumen 3: 1960-1969.
650 14 - SUBJECT ADDED ENTRY--TOPICAL TERM
9 (RLIN) 49
Topical term or geographic name entry element Arquitectura
650 24 - SUBJECT ADDED ENTRY--TOPICAL TERM
9 (RLIN) 83
Topical term or geographic name entry element Arte
650 24 - SUBJECT ADDED ENTRY--TOPICAL TERM
9 (RLIN) 191
Topical term or geographic name entry element Arquitectura moderna
650 24 - SUBJECT ADDED ENTRY--TOPICAL TERM
9 (RLIN) 472
Topical term or geographic name entry element Arquitectura contemporánea
650 24 - SUBJECT ADDED ENTRY--TOPICAL TERM
9 (RLIN) 44
Topical term or geographic name entry element Diseño de interiores
650 24 - SUBJECT ADDED ENTRY--TOPICAL TERM
9 (RLIN) 239
Topical term or geographic name entry element Muebles
650 24 - SUBJECT ADDED ENTRY--TOPICAL TERM
9 (RLIN) 282
Topical term or geographic name entry element Arquitectos
650 24 - SUBJECT ADDED ENTRY--TOPICAL TERM
9 (RLIN) 370
Topical term or geographic name entry element Arquitectura de viviendas
650 24 - SUBJECT ADDED ENTRY--TOPICAL TERM
9 (RLIN) 199
Topical term or geographic name entry element Distribución de espacios (viviendas)
650 24 - SUBJECT ADDED ENTRY--TOPICAL TERM
9 (RLIN) 528
Topical term or geographic name entry element Planificación urbana
650 24 - SUBJECT ADDED ENTRY--TOPICAL TERM
9 (RLIN) 275
Topical term or geographic name entry element Arte moderno
650 24 - SUBJECT ADDED ENTRY--TOPICAL TERM
9 (RLIN) 778
Topical term or geographic name entry element Arte contemporáneo
700 1# - ADDED ENTRY--PERSONAL NAME
9 (RLIN) 390
Personal name Fiell, Charlotte
Relator term editor
700 1# - ADDED ENTRY--PERSONAL NAME
9 (RLIN) 391
Personal name Fiell, Peter
Relator term editor
910 ## - USER-OPTION DATA (OCLC)
-- hfp
-- hfp
942 ## - ADDED ENTRY ELEMENTS (KOHA)
Source of classification or shelving scheme Dewey Decimal Classification
Koha item type Libros
Existencias
Fecha de la última vez que lo usaron Número de ingreso o de inventario Pago total Signatura topográfica completa Precio efectivo desde Tipo de documento Estado perdido Sistema de clasificación Estado dañado No es para préstamo Retirado Ubicación permanente Ubicación actual Fecha de adquisición
22/05/2023 16255   720/D/v. 1 22/05/2023 Libros   Dewey Decimal Classification       Biblioteca Central Lima Biblioteca Central Lima 22/05/2023
22/05/2023 16218   720/D/v. 2 22/05/2023 Libros   Dewey Decimal Classification       Biblioteca Central Lima Biblioteca Central Lima 22/05/2023
22/05/2023 16219   720/D/v. 3 22/05/2023 Libros   Dewey Decimal Classification       Biblioteca Central Lima Biblioteca Central Lima 22/05/2023